000 00423nam a2200157 i 4500
001 95259
003 ES-MaACL
005 20230906181651.0
007 t|
008 050525s1906 xxk ||||1| eng d
100 1 _aLydekker, Richard.
_974925
245 1 0 _aSir William Flower /
_cRichard Lydekker.
260 _aLondon :
_bJ. M. Dent & Sons limited,
_c1906.
300 _aVI, 191 p. ;
_c19 cm.
852 _aES-MaACL
_jD-3491
999 _c95259
_d95259